ශ්‍රී ලංකාවේ කාන්තා අයිතිවාසිකම් වෙනුවෙන් වැඩකරන සංවිධාන සඳහා විමර් ශන මූලාශ්‍ර‍ක් (Record no. 4430)

MARC details
000 -LEADER
fixed length control field 00794nam a2200157 4500
003 - CONTROL NUMBER IDENTIFIER
control field LK-CoMWRAF
005 - DATE AND TIME OF LATEST TRANSACTION
control field 20231213210334.0
008 - FIXED-LENGTH DATA ELEMENTS--GENERAL INFORMATION
fixed length control field 231213b |||||||| |||| 00| 0 eng d
040 ## - CATALOGING SOURCE
Original cataloging agency LK-CoMWRAF
Modifying agency LK-CoMWRAF
Description conventions LK-CoMWRAF
082 ## - DEWEY DECIMAL CLASSIFICATION NUMBER
Classification number 343.54
Item number SRI
942 ## - ADDED ENTRY ELEMENTS (KOHA)
Koha item type Books
245 ## - TITLE STATEMENT
Title ශ්‍රී ලංකාවේ කාන්තා අයිතිවාසිකම් වෙනුවෙන් වැඩකරන සංවිධාන සඳහා විමර් ශන මූලාශ්‍ර‍ක්
246 ## - VARYING FORM OF TITLE
Title proper/short title Sri Lankawe kantha aithiwasikam wenuwen wadakarana sanwidhana sandaha wimarshana moolasrayak
260 ## - PUBLICATION, DISTRIBUTION, ETC. (IMPRINT)
Place of publication, distribution, etc. කොළඹ :
Name of publisher, distributor, etc. කාන්තාව සහ මාධ්‍ය සාමුහිකය,
Date of publication, distribution, etc. 2018
650 ## - SUBJECT ADDED ENTRY--TOPICAL TERM
Topical term or geographic name as entry element කාන්තා අයිතිවාසිකම්
Holdings
Withdrawn status Lost status Damaged status Not for loan Permanent Location Current Location Date acquired Full call number Barcode Koha item type
        Resource center, Muslim Women's Research And Action Forum Resource center, Muslim Women's Research And Action Forum 2023-12-15 343.54 SRI RAF4872 Books

Copyright © 2023 Muslim Women's Research and Action Forum (MWRAF), No 27/3, Anderson Road, Kalubowila, Dehiwela. Funded by The Asia Fundation